Can You Name Every NBA Team's Coach? - Statistics

General Stats
  • This quiz has been taken 6 times
  • The average score is 14 of 30
Answer Stats
Team Coach % Correct
San Antonio Spurs Gregg Popovich
100%
Golden State Warriors Steve Kerr
100%
Milwaukee Bucks Doc Rivers
83%
Dallas Mavericks Jason Kidd
83%
Los Angeles Lakers JJ Redick
83%
Denver Nuggets Michael Malone
83%
New York Knicks Tom Thibodeau
83%
Boston Celtics Joe Mazzulla
67%
Sacramento Kings Mike Brown
67%
Philadelpia 76ers Nick Nurse
67%
Houston Rockets Ime Udoka
50%
Phoenix Suns Mike Budenholzer
50%
Chicago Bulls Billy Donovan
33%
Portland Trailblazers Chauncey Billups
33%
Miami Heat Erik Spoelstra
33%
Cleveland Cavaliers J. B. Bickerstaff
33%
Oklahoma City Thunder Mark Daigneault
33%
Detroit Pistons Monty Williams
33%
Atlanta Hawks Quin Snyder
33%
Indiana Pacers Rick Carlisle
33%
New Orleans Pelicans Willie Green
33%
Washington Wizards Brian Keefe
17%
Charlotte Hornets Charles Lee
17%
Minnesota Timberwolves Chris Finch
17%
Toronto Raptors Darko Rajakovic
17%
Orlando Magic Jamahl Mosley
17%
Brooklyn Nets Jordi Fernandez
17%
Memphis Grizzlies Taylor Jenkins
17%
Utah Jazz Will Hardy
17%
Los Angeles Clippers Tryonn Lue
0%
No matching quizzes found
Score Distribution
Percent of People with Each Score
Percentile by Number Answered
Your Score History
You have not taken this quiz